| 000 | 00605nam a2200217 u 4500 | ||
|---|---|---|---|
| 005 | 20240228064206.0 | ||
| 008 | 150225s2006 ag r 000 0 spa d | ||
| 020 | _a9500110660 | ||
| 035 | _aUPN01000202115 | ||
| 049 | _aI | ||
| 050 | 4 |
_aPZ78 _bB3.76 |
|
| 100 | 1 |
_aBasch, Adela, _d1946- _931827 |
|
| 245 | 1 | 0 |
_aTodos son colmos / _cAdela Basch ; il. Juan Deleau. |
| 260 |
_aBuenos Aires : _bEstrada, _c2006. |
||
| 300 |
_a[48] p. : _bil. col. |
||
| 440 | 0 |
_aAzulejitos ; _v5 |
|
| 650 | 4 |
_aLibros y lectura para niƱos _92290 |
|
| 650 | 4 |
_aAdivinanzas _9114 |
|
| 905 | _aInfantil | ||
| 999 |
_c174216 _d174216 |
||